Vector mechanics for engineers / (Record no. 22467)
[ view plain ]
| 000 -LEADER | |
|---|---|
| fixed length control field | 01021nam a22003015a 4500 |
| 005 - DATE AND TIME OF LATEST TRANSACTION | |
| control field | 20201128023841.0 |
| 008 - FIXED-LENGTH DATA ELEMENTS--GENERAL INFORMATION | |
| fixed length control field | 161009t2016 si a fr 001 0 eng d |
| 020 ## - INTERNATIONAL STANDARD BOOK NUMBER | |
| International Standard Book Number | 9789814660730 (v. 1) |
| 020 ## - INTERNATIONAL STANDARD BOOK NUMBER | |
| International Standard Book Number | 9814660736 (v. 1) |
| 020 ## - INTERNATIONAL STANDARD BOOK NUMBER | |
| International Standard Book Number | 9789814720045 (v.2) |
| 020 ## - INTERNATIONAL STANDARD BOOK NUMBER | |
| International Standard Book Number | 9814720046 (v.2) |
| 040 ## - CATALOGING SOURCE | |
| Original cataloging agency | EG-ScBUE |
| Language of cataloging | eng |
| Transcribing agency | EG-ScBUE |
| Modifying agency | EG-ScBUE |
| -- | EG-ScBUE |
| 082 04 - DEWEY DECIMAL CLASSIFICATION NUMBER | |
| Edition number | 22 |
| Classification number | 620.105 |
| Item number | VEC |
| 245 00 - TITLE STATEMENT | |
| Title | Vector mechanics for engineers / |
| Statement of responsibility, etc | Ferdinand P. Beer ... [et al.] |
| 250 ## - EDITION STATEMENT | |
| Edition statement | 11th ed., SI Units. |
| 260 ## - PUBLICATION, DISTRIBUTION, ETC. (IMPRINT) | |
| Place of publication, distribution, etc | [Singapore] : |
| Name of publisher, distributor, etc | McGraw-Hill Higher Education, |
| Date of publication, distribution, etc | c.2016. |
| 300 ## - PHYSICAL DESCRIPTION | |
| Extent | 2 v. : |
| Other physical details | ill. ; |
| Dimensions | 28 cm. |
| 500 ## - GENERAL NOTE | |
| General note | Includes indexes. |
| 505 0# - FORMATTED CONTENTS NOTE | |
| Formatted contents note | v. 1. Statics -- v. 2. Dynamics. |
| 650 #7 - SUBJECT ADDED ENTRY--TOPICAL TERM | |
| Source of heading or term | BUEsh |
| 9 (RLIN) | 32679 |
| Topical term or geographic name as entry element | Statics. |
| 650 #7 - SUBJECT ADDED ENTRY--TOPICAL TERM | |
| 9 (RLIN) | 2049 |
| Topical term or geographic name as entry element | Mechanics, Applied. |
| Source of heading or term | BUEsh |
| 650 #7 - SUBJECT ADDED ENTRY--TOPICAL TERM | |
| 9 (RLIN) | 31065 |
| Topical term or geographic name as entry element | Vector analysis. |
| Source of heading or term | BUEsh |
| 650 #7 - SUBJECT ADDED ENTRY--TOPICAL TERM | |
| 9 (RLIN) | 18728 |
| Topical term or geographic name as entry element | Dynamics. |
| Source of heading or term | BUEsh |
| 651 ## - SUBJECT ADDED ENTRY--GEOGRAPHIC NAME | |
| Source of heading or term | BUEsh |
| 653 ## - INDEX TERM--UNCONTROLLED | |
| Resource For college | Engineering, Mechanical |
| Arrived date list | October2016 |
| -- | December2016 |
| 700 1# - ADDED ENTRY--PERSONAL NAME | |
| Personal name | Beer, Ferdinand P. |
| Fuller form of name | (Ferdinand Pierre), |
| Dates associated with a name | 1915-2003 |
| 9 (RLIN) | 12477 |
| 942 ## - ADDED ENTRY ELEMENTS (KOHA) | |
| Source of classification or shelving scheme | Dewey Decimal Classification |
| Withdrawn status | Item status | Source of classification or shelving scheme | Damaged status | Not for loan | Vendor | Home library | Current library | Shelving location | Date acquired | Source of acquisition | Total Checkouts | Total Renewals | Full call number | Barcode | Date last seen | Date last borrowed | Koha item type | Checked out | Public note |
|---|---|---|---|---|---|---|---|---|---|---|---|---|---|---|---|---|---|---|---|
| Dewey Decimal Classification | Baccah | Central Library | Central Library | First floor | 09/10/2016 | Purchase | 12 | 11 | 620.105 VEC | 000033863 | 15/07/2025 | 21/12/2023 | Book - Borrowing | ||||||
| Dewey Decimal Classification | Baccah | Central Library | Central Library | First floor | 09/10/2016 | Purchase | 6 | 64 | 620.105 VEC | 000033864 | 15/07/2025 | 13/02/2020 | Book - Borrowing | ||||||
| Dewey Decimal Classification | Baccah | Central Library | Central Library | First floor | 09/10/2016 | Purchase | 5 | 17 | 620.105 VEC | 000033865 | 07/08/2019 | 07/08/2019 | Book - Borrowing | 15/06/2020 | |||||
| Dewey Decimal Classification | Baccah | Central Library | Central Library | First floor | 09/10/2016 | Purchase | 11 | 76 | 620.105 VEC | 000033866 | 15/07/2025 | 30/10/2019 | Book - Borrowing | ||||||
| Dewey Decimal Classification | Baccah | Central Library | Central Library | First floor | 09/10/2016 | Purchase | 9 | 8 | 620.105 VEC | 000033867 | 15/07/2025 | 12/10/2019 | Book - Borrowing | ||||||
| Dewey Decimal Classification | Baccah | Central Library | Central Library | First floor | 09/10/2016 | Purchase | 9 | 43 | 620.105 VEC | 000033868 | 22/10/2025 | 18/02/2023 | Book - Borrowing | ||||||
| Dewey Decimal Classification | Baccah | Central Library | Central Library | First floor | 09/10/2016 | Purchase | 8 | 66 | 620.105 VEC | 000033869 | 15/07/2025 | 17/11/2022 | Book - Borrowing | ||||||
| Dewey Decimal Classification | Baccah | Central Library | Central Library | First floor | 09/10/2016 | Purchase | 1 | 620.105 VEC | 000033870 | 15/07/2025 | 25/10/2016 | NB - Book (Non borrowing) | |||||||
| Dewey Decimal Classification | Baccah | Central Library | Central Library | First floor | 21/12/2016 | Purchase | 4 | 15 | 620.105 VEC | 000040553 | 15/07/2025 | 24/11/2018 | Book - Borrowing | Dynamics | |||||
| Dewey Decimal Classification | Baccah | Central Library | Central Library | First floor | 21/12/2016 | Purchase | 3 | 1 | 620.105 VEC | 000040554 | 15/07/2025 | 25/05/2019 | Book - Borrowing | Dynamics | |||||
| Dewey Decimal Classification | Baccah | Central Library | Central Library | First floor | 21/12/2016 | Purchase | 4 | 11 | 620.105 VEC | 000040555 | 15/07/2025 | 11/11/2019 | Book - Borrowing | Dynamics | |||||
| Dewey Decimal Classification | Baccah | Central Library | Central Library | First floor | 21/12/2016 | Purchase | 3 | 27 | 620.105 VEC | 000040556 | 15/07/2025 | 13/10/2019 | Book - Borrowing | Dynamics | |||||
| Dewey Decimal Classification | Baccah | Central Library | Central Library | First floor | 21/12/2016 | Purchase | 5 | 45 | 620.105 VEC | 000040557 | 15/07/2025 | 21/12/2023 | Book - Borrowing | Dynamics | |||||
| Dewey Decimal Classification | Baccah | Central Library | Central Library | First floor | 21/12/2016 | Purchase | 5 | 23 | 620.105 VEC | 000040558 | 15/07/2025 | 21/11/2019 | Book - Borrowing | Dynamics | |||||
| Dewey Decimal Classification | Baccah | Central Library | Central Library | First floor | 21/12/2016 | Purchase | 1 | 2 | 620.105 VEC | 000040559 | 07/08/2019 | 07/08/2019 | Book - Borrowing | 15/06/2020 | Dynamics |